Slovenská národná bibliografia séria A
Na minha lista:
| Formato: | Periódico |
|---|---|
| Idioma: | eslovaco |
| Publicado em: |
Martin
Matica slovenská
|
| Tags: |
Sem tags, seja o primeiro a adicionar uma tag!
|
MARC
| LEADER | 00000nas1a22000001 4500 | ||
|---|---|---|---|
| 001 | s120730 | ||
| 005 | 20250714123325.0 | ||
| 022 | |a 0231-9780 | ||
| 041 | 0 | |a slo | |
| 044 | |a SK | ||
| 245 | 1 | 0 | |a Slovenská národná bibliografia |b séria A |
| 264 | 1 | |a Martin |b Matica slovenská | |